Márgenes de la filosofía

Uloženo v:
Podrobná bibliografie
Hlavní autor: Derrida, Jacques 1930-2004 (Autor)
Další autoři: González Marín, Carmen (traductora)
Médium: Kniha
Jazyk:španělština
Vydáno: Madrid Cátedra 2010
Vydání:10a. ed
Edice:Colección Teorema
Serie Mayor
Témata:
Tagy: Přidat tag
Žádné tagy, Buďte první, kdo vytvoří štítek k tomuto záznamu!

MARC

LEADER 00000cam a2200000 a 4500
001 UCE8971
003 CL-VaPUC
005 20250127131657.0
008 150911e20100000sp |||||||||||||||||spa|d
999 |c 360720  |d 360718 
020 |a 9788437608617 
040 |c Pontificia Universidad Católica de Valparaíso 
082 0 4 |a 100  |b DER  |2 21 
100 |a Derrida, Jacques   |d 1930-2004  |e author  |9 449254 
245 1 0 |a Márgenes de la filosofía 
250 |a 10a. ed 
260 |a Madrid  |b Cátedra  |c 2010 
300 |a 372 p 
490 0 |a Colección Teorema 
490 0 |a Serie Mayor 
583 |a last modification  |c 20150911 12:29:00  |k Rodrigo Vera 
650 0 |a Semiología  |9 317916 
650 0 |a Teoría del conocimiento   |9 255038 
650 0 |a Filosofía del lenguaje  |9 257082 
700 1 |a González Marín, Carmen  |e traductora  |9 864671 
942 |c BK  |2 ddc 
945 |d 20150911 12:29:00  |a gsalatino 
952 |0 0  |1 0  |3 erb  |4 0  |6 100_000000000000000_DER_2010  |7 0  |8 A  |9 470640  |a BIBEDU  |b BIBEDU  |i 5198496  |l 1  |o 100 DER 2010  |p 5198496  |r 2023-04-10  |s 2023-03-28  |w 2019-11-23  |y BK  |z Catalogado en:20150911  |k FIL